Juliuš Slovackij i Rossija

Podrobná bibliografia
Ďalší autori: Chorev, V. A. (Viktor Aleksandrovič)
Médium: Kniha
Jazyk:ruština
poľština
Fyzický popis:207 strán 22 cm
Vydavateľské údaje: Moskva INDRIK 2011
ISBN:9785916741230
Predmet:

MARC

LEADER 00000nam a2200000 4500
001 vtls011765681
003 SK-MaSNL
005 20260301225953.0
008 180709s2011 ru f 000 0drus
020 |a 9785916741230  |q (viazané) 
040 |a SNK  |b slo  |c SNK  |e rda 
041 0 |a rus  |a pol 
044 |a ru  |c RU 
072 7 |2 konspekt 
080 |2 2011 
245 0 0 |a Juliuš Slovackij i Rossija  |c otvetstvennyje redaktory: V. A. Chorev, N. M. Filatova 
264 1 |a Moskva  |b INDRIK  |c 2011 
300 |a 207 strán  |c 22 cm 
336 |a text  |b txt  |2 rdacontent 
337 |a bez média  |b n  |2 rdamedia 
338 |a zväzok  |b nc  |2 rdacarrier 
500 |a Nad názvom: Rossijakaja akademija nauk, Institut slavjanovedenija, Pol'skaja akademija nauk, Institut literaturnych issledovanij, Pol'skij kul'turnyj centr 
504 |a Bibliografické odkazy 
600 1 7 |a Słowacki, Juliusz,  |d 1809-1849  |2 SNKMA  |9 200249 
600 1 7 |a Mickiewicz, Adam,  |d 1798-1855  |9 89474 
655 7 |a zborníky  |2 SNKPH  |9 70165 
655 7 |a Papers of several authors  |2 SNKPHeng  |9 153738 
700 1 |a Chorev, V. A.  |q (Viktor Aleksandrovič)  |9 620206 
700 1 |a Filatova, N. M.,  |q (Natalija Maratovna)  |4 red  |9 620207 
919 |a 978-5-91674-123-0 
999 |c 952993  |d 954923 
952 |a SNK  |b SNK  |y VYP  |7 0  |p 17A1334206  |o snkIC 144143  |i snk2018/16250  |8 4  |g 23.04  |0 0  |1 0  |4 0  |d 2018-07-09  |l 0  |r 2026-02-24 09:54:19  |w 2026-02-24